One Border Countries - Sudden Death - Statistics

General Stats
  • This quiz has been taken 3,804 times
    12 since last reset
  • The average score is 13 of 17
Answers on the Grid
Answers color-coded by a green-red scale on the quiz's grid according to % correct below.
Andorra
Belize
Brunei
Canada
Denmark
Dominican Republic
East Timor
El Salvador
Eswatini
Gambia
Guinea-Bissau
Haiti
Ireland
Kuwait
Lebanon
Lesotho
Liechtenstein
Monaco
Papua New Guinea
Portugal
Qatar
San Marino
Sierra Leone
Singapore
South Korea
United Kingdom
Uruguay
Vatican City
 
Answer Stats
Answer % Correct
East Timor
100%
Brunei
86%
Canada
86%
Ireland
86%
Lesotho
86%
Portugal
86%
United Kingdom
86%
Dominican Republic
71%
Haiti
71%
Monaco
71%
Papua New Guinea
71%
Qatar
71%
South Korea
71%
Vatican City
71%
Denmark
57%
Gambia
57%
San Marino
57%
No matching quizzes found
Score Distribution
Percent of People with Each Score
Percentile by Number Answered
Your Score History
You have not taken this quiz since the last reset